| 000 -LEADER |
| fixed length control field |
01324nam a2200217Ia 4500 |
| 003 - CONTROL NUMBER IDENTIFIER |
| control field |
OSt |
| 005 - DATE AND TIME OF LATEST TRANSACTION |
| control field |
20241011102848.0 |
| 007 - PHYSICAL DESCRIPTION FIXED FIELD--GENERAL INFORMATION |
| fixed length control field |
ca aa aaaaa |
| 008 - FIXED-LENGTH DATA ELEMENTS--GENERAL INFORMATION |
| fixed length control field |
201103s9999 xx 000 0 und d |
| 040 ## - CATALOGING SOURCE |
| Transcribing agency |
SSBUL |
| 041 ## - LANGUAGE CODE |
| Language code of text/sound track or separate title |
bur |
| 082 ## - DEWEY DECIMAL CLASSIFICATION NUMBER |
| Classification number |
၂၉၄.၃၄၃၅၀၉ သိန်း |
| Edition number |
23 |
| Item number |
၉၃၃၄ S-SAT |
| 100 0# - MAIN ENTRY--PERSONAL NAME |
| Personal name |
သိန်းလွင်၊ ဦး |
| 9 (RLIN) |
11538 |
| 245 10 - TITLE STATEMENT |
| Title |
ဆံတော်ရှင်သမိုင်းအကျဥ်းချုပ်နှင့် ကေလာသစေတီတော်ကြီး၏ ထီးတော်ဌက်မြတ်နားတော်၊ စိန်ဖူးတော်များဆက်ကပ်လှူဒါန်းသည့် အတ္ထုပ္ပတ္တိ / |
| Statement of responsibility, etc. |
ဦးသိန်းလွင်၊ တည်းဖြတ်သူ ဦးအံ့မောင်။ |
| 260 ## - PUBLICATION, DISTRIBUTION, ETC. |
| Place of publication, distribution, etc. |
ရန်ကုန် ၊ |
| Name of publisher, distributor, etc. |
လုပ်အားပုံနှိပ်တိုက် ၊ |
| Date of publication, distribution, etc. |
၁၉၈၄။ |
| 300 ## - PHYSICAL DESCRIPTION |
| Extent |
၁၀၅ စာမျက်နှာ ၊ |
| Dimensions |
၁၈ စင်တီ။ |
| 500 ## - GENERAL NOTE |
| General note |
S-SAT: Dr. Sai Aung Tun |
| 650 ## - SUBJECT ADDED ENTRY--TOPICAL TERM |
| Topical term or geographic name entry element |
ကေလာသဆံတော်ရှင်စေတီတေ် |
| Form subdivision |
သမိုင်း |
| 9 (RLIN) |
55026 |
| 700 ## - ADDED ENTRY--PERSONAL NAME |
| Personal name |
အံ့မောင်၊ ဦး |
| Relator term |
တည်းဖြတ်သူ |
| 9 (RLIN) |
55027 |
| 942 ## - ADDED ENTRY ELEMENTS (KOHA) |
| Source of classification or shelving scheme |
|
| Koha item type |
Book (Short term) |